000 00585nam a22001937b 4500
003 3228
005 20251106131535.0
008 251106b sa ||||| |||| 00| 0 eng d
020 _a9781775611622(paperback)
040 _bEnglish
_c3228
_erda
041 _aIsiNdebele
082 0 _aNDE KF MOST
100 _9197557
_aMonstert, Tim
245 _auMandela uyabaleka /
_cSponono Mahlangu
260 _aCenturion, Randjes Park :
_bQualibooks publishing,
_c2019.
300 _a16 pages :
_bIllustrations, colour ;
_c21 cm
521 _aKids
942 _2ddc
_cBOOK
_hNDE KF MOST
_w166
_xThoko Moyakene
_y166
_zThoko Moyakene
999 _c788690
_d788689